[Event "Santiago Endesa Interempresas tt-A"]
[Site "Santiago de Chile"]
[Date "2010.07.27"]
[Round "3"]
[White "Pierattini, Giovanni"]
[Black "Torres Bravo, Cristobal Renato"]
[Result "0-1"]
[WhiteElo "2079"]
[BlackElo "2231"]
[PlyCount "60"]
[EventDate "2010.07.13"]
[EventType "team"]
[EventRounds "13"]
[EventCountry "CHI"]
[SourceTitle "EXT 2012"]
[Source "ChessBase"]
[SourceDate "2011.11.24"]
[SourceVersion "1"]
[SourceVersionDate "2011.11.24"]
[SourceQuality "1"]

1. f4 c5 2. Nf3 Nc6 3. g3 g6 4. Bg2 Bg7 5. e4 d6 6. 0-0 Nf6 7. d3 0-0 8. c3 e5 9. Na3 Re8 10. Nc4 b5 11. Ne3 exf4 12. gxf4 Rb8 13. Ng5 Qb6 14. f5 c4 15. d4 h6 16. fxg6 fxg6 17. e5 dxe5 18. Nd5 Nxd5 19. Bxd5+ Kh8 20. Nf7+ Kh7 21. Bxh6 Bxh6 22. Nxh6 exd4 23. Rf6 dxc3+ 24. Kh1 Qd4 25. Rxc6 Qxd1+ 26. Rxd1 Kxh6 27. bxc3 Rd8 28. Kg1 Bf5 29. Rd4 Rbc8 30. Ra6 b4 0-1